Output,inflation and growth An introductio to macroeconomics (Record no. 5424)

MARC details
000 -LEADER
fixed length control field 00448nam a22001817a 4500
003 - CONTROL NUMBER IDENTIFIER
control field OSt
005 - DATE AND TIME OF LATEST TRANSACTION
control field 20210921115658.0
008 - FIXED-LENGTH DATA ELEMENTS--GENERAL INFORMATION
fixed length control field 210921b |||||||| |||| 00| 0 eng d
020 ## - INTERNATIONAL STANDARD BOOK NUMBER
International Standard Book Number 03338504
040 ## - CATALOGING SOURCE
Transcribing agency hu
082 ## - DEWEY DECIMAL CLASSIFICATION NUMBER
Classification number 330
100 ## - MAIN ENTRY--PERSONAL NAME
Personal name d.c. rowan
9 (RLIN) 4727
245 ## - TITLE STATEMENT
Title Output,inflation and growth An introductio to macroeconomics
250 ## - EDITION STATEMENT
Edition statement third edition
260 ## - PUBLICATION, DISTRIBUTION, ETC.
Place of publication, distribution, etc. hong kong
Name of publisher, distributor, etc. d.c rowan
Date of publication, distribution, etc. 1987
300 ## - PHYSICAL DESCRIPTION
Extent 517
942 ## - ADDED ENTRY ELEMENTS (KOHA)
Source of classification or shelving scheme Dewey Decimal Classification
Koha item type Books like text book referance book
Suppress in OPAC No
Holdings
Withdrawn status Lost status Source of classification or shelving scheme Damaged status Not for loan Home library Current library Shelving location Date acquired Total Checkouts Full call number Barcode Date last seen Copy number Price effective from Koha item type
    Dewey Decimal Classification     College of Business and Economics Library College of Business and Economics Library General Stacks 09/21/2021   330/ROW MBEIJB 00000206 09/21/2021 2 09/21/2021 Books like text book referance book